00612cam a22002294a 45000010009000000050017000090080041000260100017000670200027000840200027001110350020001380400023001580410008001810420008001890600023001970800014002200820018002341000006002521010008002582450065002665040051003311313130620171221040802.0030321s2004 nyuaf b 001 0 eng  a 2003046450 a0071403329 (softcover) a0071219080 (int.l ed.) a(DNLM)101172207 aDNLM/DLCcDLCdDLC aeng apcc10aWW 18.2bO597 2004 a617.7 LOE00a617.7 LOE221 a8 aOFT00aOphthalmology :c[edited by] John I. Loewenstein, Scott Lee. aIncludes bibliographical references and index.